00341nam a2200133Ia 4500008004100000041000800041082001800049100001800067245004400085260002000129300000800149365001600157700003400173230718s9999 xx 000 0 und d aeng a005.4'53bTRE aTremblay J.P. aTheory And Practice Of Compiler Writing bBS Publications a796 cRs.b350.00 aTremblay J.P. & Sorenson P.G.